Normal view MARC view
  • C Roe Goddard ; John T Passé-Smith ; John G Conklin

Entry Personal Name

Number of records used in: 2

001 - CONTROL NUMBER

  • control field: 9335

003 - CONTROL NUMBER IDENTIFIER

  • control field: NUST

005 - DATE AND TIME OF LATEST TRANSACTION

  • control field: 20180121115334.0

008 - FIXED-LENGTH DATA ELEMENTS

  • fixed length control field: 180121|| aca||aabn | a|a d

040 ## - CATALOGING SOURCE

  • Original cataloging agency: NUST
  • Transcribing agency: NUST

100 ## - HEADING--PERSONAL NAME

  • Personal name: C Roe Goddard ; John T Passé-Smith ; John G Conklin

670 ## - SOURCE DATA FOUND

  • Source citation: Work cat.: (NUST)320924: C Roe Goddard ; John T Passé-Smith ; John G Conklin, International political economy : state-market relations in the changing global order, 1996
© 2023 Central Library, National University of Sciences and Technology. All Rights Reserved.